Directorio pedagogíco / (Record no. 31686)
[ view plain ]
| 000 -CABECERA | |
|---|---|
| campo de control de longitud fija | 00497nam a2200169 a 4500 |
| 001 - NÚMERO DE CONTROL | |
| campo de control | 000032195 |
| 005 - FECHA Y HORA DE LA ÚLTIMA TRANSACCIÓN | |
| campo de control | 20200930063518.0 |
| 008 - DATOS DE LONGITUD FIJA--INFORMACIÓN GENERAL | |
| campo de control de longitud fija | 110713s1915 dr 000 0 spa d |
| 040 ## - FUENTE DE LA CATALOGACIÓN | |
| Centro catalogador/agencia de origen | DO-SdBNP |
| Lengua de catalogación | spa |
| Centro/agencia transcriptor | BNPHU |
| 082 ## - NÚMERO DE LA CLASIFICACIÓN DECIMAL DEWEY | |
| Número de clasificación | xxxx |
| Número de documento/Ítem | D598p, 1915 |
| 049 ## - FONDOS LOCALES (OCLC) | |
| Fondos de biblioteca | BNMA |
| 245 00 - MENCIÓN DE TÍTULO | |
| Título | Directorio pedagogíco / |
| Mención de responsabilidad, etc. | corregido y aumentado José E. Mieses. |
| 250 ## - MENCIÓN DE EDICIÓN | |
| Mención de edición | 2a ed. |
| 260 ## - PUBLICACIÓN, DISTRIBUCIÓN, ETC. | |
| Lugar de publicación, distribución, etc. | Santo Domingo : |
| Nombre del editor, distribuidor, etc. | Imp. Montalvo, |
| Fecha de publicación, distribución, etc. | 1915. |
| 300 ## - DESCRIPCIÓN FÍSICA | |
| Extensión | 31 p. ; |
| Dimensiones | 20 cm. |
| 700 1# - PUNTO DE ACCESO ADICIONAL--NOMBRE DE PERSONA | |
| Nombre de persona | Mieses, José E., |
| Término indicativo de función/relación | corr. y aum. |
| 9 (RLIN) | 58273 |
| Estado de retiro | Estado de pérdida | No para préstamo | Código de colección | Localización permanente | Ubicación/localización actual | Ubicación en estantería | Fecha de adquisición | Número de inventario | Total de préstamos | Signatura topográfica completa | Código de barras | Fecha visto por última vez | Precio válido a partir de | Tipo de ítem Koha | Nota pública |
|---|---|---|---|---|---|---|---|---|---|---|---|---|---|---|---|
| Excluido de préstamo | Patrimonio Dominicano | Patrimonio Dominicano | Patrimonio Dominicano | En catalogación | 13.07.2011 | LF1 | xxxx D598p, 1915 | 32195-10 | 25.06.2020 | 25.06.2020 | Libro y Folleto Colección Patrimonio Dominicano | Perteneció a la biblioteca personal de Carlos Larrazábal Blanco |
